Safeguarding cultural properties : (Record no. 22084)
[ view plain ]
| 000 -LEADER | |
|---|---|
| fixed length control field | 01698cam a22003375a 4500 |
| 001 - CONTROL NUMBER | |
| control field | 016627787 |
| 003 - CONTROL NUMBER IDENTIFIER | |
| control field | Uk |
| 005 - DATE AND TIME OF LATEST TRANSACTION | |
| control field | 20160731155827.0 |
| 008 - FIXED-LENGTH DATA ELEMENTS--GENERAL INFORMATION | |
| fixed length control field | 140206s2014 maua frb 000 0 eng|d |
| 015 ## - NATIONAL BIBLIOGRAPHY NUMBER | |
| National bibliography number | GBB416920 |
| Source | bnb |
| 016 7# - NATIONAL BIBLIOGRAPHIC AGENCY CONTROL NUMBER | |
| Record control number | 016627787 |
| Source | Uk |
| 020 ## - INTERNATIONAL STANDARD BOOK NUMBER | |
| International Standard Book Number | 0124201121 (pbk.) |
| 020 ## - INTERNATIONAL STANDARD BOOK NUMBER | |
| International Standard Book Number | 9780124201125 (pbk.) |
| 040 ## - CATALOGING SOURCE | |
| Original cataloging agency | StDuBDS |
| Language of cataloging | eng |
| Transcribing agency | StDuBDS |
| Modifying agency | EG-ScBUE |
| 082 04 - DEWEY DECIMAL CLASSIFICATION NUMBER | |
| Edition number | 22 |
| Classification number | 363.69 |
| Item number | LAY |
| 100 1# - MAIN ENTRY--PERSONAL NAME | |
| Personal name | Layne, Stevan P. |
| 9 (RLIN) | 40567 |
| 245 10 - TITLE STATEMENT | |
| Title | Safeguarding cultural properties : |
| Remainder of title | security for museums, libraries, parks, and zoos / |
| Statement of responsibility, etc | Stevan P. Layne. |
| 260 ## - PUBLICATION, DISTRIBUTION, ETC. (IMPRINT) | |
| Place of publication, distribution, etc | Waltham, Massachusetts : |
| -- | Oxford : |
| Name of publisher, distributor, etc | Butterworth-Heinemann / Elsevier, |
| Date of publication, distribution, etc | c.2014. |
| 300 ## - PHYSICAL DESCRIPTION | |
| Extent | xiv, 146 p. : |
| Other physical details | ill. ; |
| Dimensions | 24 cm. |
| 500 ## - GENERAL NOTE | |
| General note | Index : p. 143-146. |
| 504 ## - BIBLIOGRAPHY, ETC. NOTE | |
| Bibliography, etc | Includes bibliographical references. |
| 505 ## - FORMATTED CONTENTS NOTE | |
| Formatted contents note | Emergency preparedness -- Appendix -- Security officer code of conduct -- Personnel security -- Appendix -- Legal rights and restrictions -- Physical security -- Appendix -- Fire protection --<br/>Customer service and visitor relations -- Emergency evacuations -- Theft prevention -- Documentation -- Protecting valuable collections -- Protecting rare book collections -- Unruly patrons and conflict resolution -- Use of force -- Workplace violence prevention -- Appendix -- Retail theft prevention and apprehension -- Special events protection. |
| 650 #7 - SUBJECT ADDED ENTRY--TOPICAL TERM | |
| Topical term or geographic name as entry element | Cultural property |
| General subdivision | Protection. |
| Source of heading or term | BUEsh |
| 9 (RLIN) | 40568 |
| 650 #7 - SUBJECT ADDED ENTRY--TOPICAL TERM | |
| Topical term or geographic name as entry element | Museums |
| General subdivision | Management |
| Source of heading or term | BUEsh |
| 9 (RLIN) | 40569 |
| 650 #7 - SUBJECT ADDED ENTRY--TOPICAL TERM | |
| Topical term or geographic name as entry element | Library administration. |
| Source of heading or term | BUEsh |
| 9 (RLIN) | 40571 |
| 650 #7 - SUBJECT ADDED ENTRY--TOPICAL TERM | |
| Topical term or geographic name as entry element | Parks |
| General subdivision | Management |
| Source of heading or term | BUEsh |
| 9 (RLIN) | 40570 |
| 650 #7 - SUBJECT ADDED ENTRY--TOPICAL TERM | |
| Topical term or geographic name as entry element | Zoos |
| General subdivision | Management |
| Source of heading or term | BUEsh |
| 9 (RLIN) | 40572 |
| 651 ## - SUBJECT ADDED ENTRY--GEOGRAPHIC NAME | |
| Source of heading or term | BUEsh |
| 653 ## - INDEX TERM--UNCONTROLLED | |
| Resource For college | Law |
| Arrived date list | July2016 |
| 942 ## - ADDED ENTRY ELEMENTS (KOHA) | |
| Source of classification or shelving scheme | Dewey Decimal Classification |
| Edition | 22 |
| Call number prefix | 363.69 LAY |
| Withdrawn status | Item status | Source of classification or shelving scheme | Damaged status | Not for loan | Vendor | Home library | Current library | Shelving location | Date acquired | Source of acquisition | Cost, normal purchase price | Serial Enumeration / chronology | Total Checkouts | Full call number | Barcode | Date last seen | Cost, replacement price | Koha item type |
|---|---|---|---|---|---|---|---|---|---|---|---|---|---|---|---|---|---|---|
| Dewey Decimal Classification | Baccah | Central Library | Central Library | First floor | 31/07/2016 | Purchase | 425.00 | 26080 | 363.69 LAY | 000033045 | 15/07/2025 | 531.25 | Book - Borrowing |